| 000 | 00439nam a2200181Ia 4500 | ||
|---|---|---|---|
| 003 | OSt | ||
| 005 | 20230531115956.0 | ||
| 008 | 210423s1980 xx 000 0 und d | ||
| 040 | _cAL | ||
| 041 | _aeng | ||
| 082 |
_a200 _223 _b HECT |
||
| 100 |
_aHECKEL (Rogee). _9117864 |
||
| 245 | _aTheme of libeeation. | ||
| 260 |
_aBombay _bDaughters of St. Paul _c1980 |
||
| 300 |
_a3,30 _bPB |
||
| 906 | _alibeeation. ; Theme | ||
| 942 |
_2ddc _cBK |
||
| 999 |
_c174619 _d174619 |
||